000 00505nam a22001577a 4500
003 macl
005 20190426155452.0
008 190426b xxu||||| |||| 00| 0 eng d
040 _cmacl
082 _a891.433/SIN/N
100 _aसिंहल,डॉ शशिभूषण
_974525
245 _aसार- निस्‍सार
260 _aमेरठ
_bअर्चना पब्लिकेशन
_c250
650 _aऐतिहासिक उपन्‍यास
_964834
942 _2ddc
_cHIN
999 _c59525
_d59525